000 00949nam a22002897a 4500
003 CHAP
005 20220817044440.0
008 110523s1987 nr a r 00010 spa d
010 _a101270
011 _a102242
035 _a112930
040 _cCHAP
090 _aFolleto 17964
100 1 _aKang, B.T.
_962673
245 1 0 _aCultivo en hileras :
_buna opción estable a la agricultura nómada
_c/por B.T. Kang, G.F. Wilson y T.L. Lawson
260 _aIbadán, Nig. :
_bInstituto Internacional de Agricultura Tropical,
_c1987
300 _a22 p. :
_bilus., cuadros, gráfs.
590 _aBATCH-UPD
_b10
_c20130110
_lUCH01
_h1031
590 _aCONVERSION
_b10
_c20130109
_lUCH01
_h1356
650 1 4 _aAgricultura
_xHistoria.
_91507
650 1 4 _aSistemas de cultivo.
_9106746
700 0 _aWilson, G. F.
700 1 _aLawson, T. L.
_965191
901 _aBK
942 _cFOLL
949 _aFolleto 17964
_bBC
_cFOLL
_d33724002106181
_eTS1
_i112930
_sb
999 _c101270
_d101270